000 00575nam a22002297a 4500
001 87534
003 UA-OsUOA
005 20211109221100.0
007 ta
008 20120919b un ||||| |||| 00| 0 ukr d
040 _aUA-OsUOA
_brus
_cUA-OsUOA
_dUA-OsUOA
041 _arus
080 _a94(47+571)
090 _a94(47+571)
_bП33
100 _aПирумова Н. М.
245 _aЗемское либеральное движение
260 _aМ.
_bНаука
_c1977
300 _a282 с.
650 7 _a94 Історія
_2UDC
942 _cBK
_2udc
955 _a4
999 _c373870
_d373870